[Event "Budapest Spring Festival 2018"]
[Site "Budapest"]
[Date "2018.04.25"]
[Round "8"]
[White "Szabo, Marton Mihaly"]
[Black "Erenberg, Ariel"]
[Result "1/2-1/2"]
[WhiteElo "2281"]
[BlackElo "2406"]
[Annotator "TA"]
[PlyCount "220"]
[EventDate "2018.??.??"]
[EventType "swiss"]
[EventCountry "HUN"]
[SourceTitle "playchess.com"]
[Source "ChessBase"]
[SourceQuality "1"]

{[%evp 17,220,-22,-14,-15,-11,-39,-29,-56,-64,-75,-75,-97,-100,-108,-72,-158,-156,-220,-160,-158,-158,-175,-166,-212,-187,-290,-93,-105,-109,-108,-102,-110,-112,-98,-97,-109,-103,-108,-91,-118,-104,-140,-125,-141,-140,-137,-125,-136,-130,-152,-150,-147,-134,-144,-145,-178,-120,-115,-115,-93,-75,-113,-110,-108,-80,-114,0,-105,-90,-127,-127,-134,-132,-130,-72,-135,-129,-136,-139,-156,-140,-207,-200,-220,-174,-200,-174,-174,-174,-174,-174,-186,-97,-186,-155,-175,-175,-186,-185,-230,-174,-179,-179,-180,-174,-173,-173,-244,-173,-168,-175,-233,-175,-171,-166,-268,-206,-293,-282,-331,-301,-297,-304,-399,-383,-383,-360,-494,-425,-425,-330,-288,-283,-511,-386,-683,-672,-567,-492,-464,-393,-676,-665,-642,-627,-860,-778,-1900,-1783,-1778,-1666,-1758,-1731,-1247,-8,-8,-8,-8,0,0,0,0,0,0,0,0,0,0,0,-8,-8,-8,-8,-301,-301,-457,-457,-457,-457,-457,-8,-8,-8,-8,-8,-457,-8,-457,-457,-536,-536,-536,0,0,202,202,195,0,0,0,0,0,0,0,0]} 1. e4 c5 2. Nf3 d6 3. Bb5+ Nd7 4. O-O a6 5. Bd3 Ngf6 6. Re1 {B51: Sicilian: Moscow Variation (3 Bb5+) without 3...Bd7} e6 7. c3 b5 8. Bc2 c4 (8... Bb7 9. d4 Be7 10. Nbd2 Qc7 11. Nf1 O-O 12. Ng3 Rfc8 {½-½ (57) Guseinov,G (2646)-Cheparinov,I (2693) Batumi 2018}) 9. b3 Bb7 {LiveBook: 15 Games} 10. Qe2 Rc8 $146 ({Predecessor:} 10... Qc7 11. bxc4 bxc4 12. Na3 Rc8 {1-0 (46) Shyam,N (2436)-Praneeth,S (2413) Thiruvarur 2015}) 11. Bb2 Be7 12. b4 Nb6 {[%cal Bd7b6,Bb6a4,Ba4b2][%mdl 32]} 13. d4 cxd3 $1 14. Bxd3 O-O 15. a3 e5 16. Nbd2 (16. Bc2 $142) 16... Na4 $17 17. Reb1 (17. Ra2 $17) 17... Nxb2 ({Don't play} 17... Nxc3 18. Bxc3 Rxc3 19. a4) 18. Rxb2 Rxc3 19. a4 bxa4 20. Bxa6 a3 21. Rba2 (21. Rb3 $142 Rxb3 22. Nxb3 Bxe4 23. Rxa3) 21... Qb6 $2 (21... Bxa6 $19 {is more deadly.} 22. Qxa6 d5) 22. Bxb7 Qxb7 23. Rxa3 Rxa3 24. Rxa3 Qxb4 25. Rb3 Qc5 26. Rb7 Re8 27. h3 h6 28. Qd3 Qc1+ 29. Qf1 Qc2 30. Qb5 Bf8 31. Qb1 Qxb1+ 32. Rxb1 Ra8 33. Nh2 h5 34. Nhf1 Ra2 35. Rd1 g6 36. f3 h4 ({Better is} 36... d5 $19 37. exd5 Nxd5) 37. Nc4 Nh5 38. Nfe3 Nf4 39. Rd2 Ra1+ 40. Rd1 Ra4 41. Rd2 Ra1+ 42. Rd1 $1 {[%cal Rd1a1]} Ra6 43. Rd2 f6 {[%cal Bf7f6,Bf6f5][%mdl 32]} 44. Nd5 Nxd5 45. Rxd5 {[%mdl 4096] Endgame KRB-KRN} Kf7 (45... Rc6 $142 $1 {[%cal Rc6c4]} 46. Ne3 Bh6) 46. Rd1 (46. Rb5 $142) 46... f5 47. Kf2 Ke6 48. Rd2 Bh6 49. Rc2 (49. Rb2 $17) 49... Bf4 $19 50. Ke2 Ra4 51. Kf2 Bg3+ 52. Ke2 Rb4 53. Kd3 Rb3+ 54. Ke2 Rb1 (54... Bf4 $19 55. Ra2 Rc3) 55. Rb2 (55. Ne3 $17 {might work better.}) 55... Rg1 56. Kd3 Bf4 57. Re2 Rd1+ 58. Kc3 Rc1+ 59. Kd3 d5 60. exd5+ Kxd5 61. Nb6+ Ke6 62. Nc4 (62. Ra2 $142) 62... Kf6 63. Nb2 Kg5 64. Nc4 (64. Na4 {keeps fighting.}) 64... Rd1+ 65. Kc3 Rd5 66. Ra2 (66. Nb2 $142) 66... Bg3 67. Ra6 (67. Re2 $142) 67... Rd1 68. Nd6 Be1+ 69. Kb3 Kf4 70. Nc4 Rd3+ 71. Kb2 g5 72. Re6 Rd5 73. Rf6 Bb4 74. Kb3 Bc5 75. Rg6 $2 (75. Kc2) 75... Rd1 76. Nb2 $2 (76. Re6 Bd4 77. Nd6) 76... Rd2 77. Kc3 {[#]} Bb4+ $1 {[%mdl 512]} 78. Kb3 (78. Kxb4 Rxb2+) 78... Be7 79. Kc3 $2 (79. Rg7 Bd8 80. Rg8) 79... Rxg2 80. Nd3+ Kxf3 81. Ne1+ Kf2 82. Nxg2 Kxg2 {KR-KB} 83. Rg7 Bd8 84. Rg8 Ba5+ 85. Kd3 Kf3 $2 (85... Be1 $19 86. Ra8 g4 87. hxg4 fxg4) 86. Rxg5 $11 e4+ 87. Kc2 Kf4 88. Rh5 Bd8 89. Kd2 Bf6 90. Ke2 Ke5 91. Kf2 Bd8 92. Rh8 Bb6+ 93. Ke2 f4 94. Rh5+ Kd4 {...f3+ is the strong threat.} 95. Rf5 $2 {[%mdl 8192]} (95. Rxh4 $11 f3+ 96. Kf1) 95... Bc7 $19 ({Not} 95... f3+ 96. Rxf3 $1 {[%mdl 512]} exf3+ 97. Kxf3 $11) 96. Rf7 Bd6 97. Rf5 Be5 98. Rf8 Kd5 $2 (98... f3+ $19 99. Rxf3 exf3+ 100. Kxf3 Kc5) 99. Rd8+ Bd6 {White should prevent ...Ke5.} 100. Kf2 Ke5 {Threatening ...Bc5+.} 101. Re8+ $2 {[%mdl 8192] [#]} (101. Rh8 $1 $11) 101... Kf5 $2 ({Black should try} 101... Kd4 $1 $19 102. Rd8 Kd5) 102. Rc8 $2 {[%mdl 8192]} (102. Rh8 $1 $11 {and White stays safe.}) 102... f3 103. Ke3 {Now Rc6 and White clings on.} Bf4+ 104. Kf2 {[#]} Bh6 $2 (104... Bg3+ $1 $19 105. Ke3 Bd6) 105. Rh8 $11 Bg7 $2 (105... Bg5 $11) 106. Rh5+ $18 Kg6 107. Rxh4 $2 (107. Rd5 $18) 107... Bd4+ $11 {The position is equal.} 108. Kg3 Be5+ 109. Kf2 Bd4+ 110. Kg3 Be5+ {Precision: White = 39%, Black = 62%.} 1/2-1/2

[Event "Budapest Spring Festival 2018"]
[Site "Budapest"]
[Date "2018.04.25"]
[Round "8"]
[White "Praveen Kumar C"]
[Black "Krzyzanowski, Marcin"]
[Result "1/2-1/2"]
[WhiteElo "2241"]
[BlackElo "2472"]
[Annotator "TA"]
[PlyCount "86"]
[EventDate "2018.??.??"]
[EventType "swiss"]
[EventCountry "HUN"]
[SourceTitle "playchess.com"]
[Source "ChessBase"]
[SourceQuality "1"]

{[%evp 35,86,-15,-7,-44,-14,-125,-128,-141,-152,-160,-125,-161,-181,-176,-183,-179,-171,-122,-21,-22,-31,-34,-32,-33,0,0,0,0,0,-50,28,29,29,23,23,29,33,31,67,61,54,21,21,17,32,32,32,29,28,0,0,0,30]} 1. d4 Nf6 2. c4 c5 3. d5 e6 4. Nc3 exd5 5. cxd5 d6 6. Nf3 g6 7. h3 Bg7 8. e4 O-O 9. Bd3 b5 10. Bxb5 Nxe4 11. Nxe4 Qa5+ 12. Nfd2 {[%cal Bf3d2,Bd2c4,Bc4e5][%mdl 32]} Qxb5 13. Nxd6 Qa6 14. N2c4 Nd7 15. O-O Ne5 16. Nxe5 {A70: Modern Benoni: 6 e4 g6 7 Nf3} Qxd6 (16... Bxe5 17. Nxc8 Raxc8 18. Qf3 Rfe8 19. Rd1 c4 20. Rb1 Qxa2 21. Bh6 Bxb2 22. d6 c3 23. Rxb2 Qxb2 24. d7 c2 25. Rc1 Red8 26. dxc8=Q Rxc8 27. Qe3 a5 28. Re1 Qb5 29. Qd4 {1-0 (29) Wang,Y (2690)-Kuybokarov,T (2472) chess.com INT 2018}) 17. Nc4 Qa6 18. Ne3 Bb7 {LiveBook: 6 Games} 19. a4 $146 ({Predecessor:} 19. Qc2 Bd4 20. Bd2 Rad8 21. Bc3 Bxd5 22. Nxd5 Rxd5 23. Rfd1 Rfd8 {½-½ (38) Spiess,G (2435)-Arnaudov,P (2441) Germany 2017}) 19... Rad8 {[%mdl 1024] Black has compensation.} 20. Rb1 (20. Re1 $11 {remains equal.}) 20... f5 $1 $17 {[%cal Bf7f5,Bf5f4][%mdl 32] Strongly threatening ...f4.} 21. b4 {[#]} f4 $1 {[%cal Rf4e3]} 22. b5 Qd6 23. Ng4 c4 ({Don't take} 23... Qxd5 24. Qxd5+ Rxd5 25. b6 $15) (23... Bxd5 24. Bb2 $17) 24. b6 axb6 25. a5 Bxd5 ({Don't play} 25... Qxd5 26. Qxd5+ Bxd5 27. Rxb6 $17) 26. Rxb6 {[#]} Qc5 ({Black should play} 26... Qe7 $1 $17 27. Qe1 Qc5) 27. Qa4 $11 {Threatens to win with Ba3.} Ra8 28. Qb5 $1 {[%cal Rb5c5]} Qxb5 29. Rxb5 Be4 {White must now prevent ...Rf5.} 30. Re1 Rf5 31. Rb6 Bd5 {Hoping for ...c3.} 32. a6 c3 ({Black should try} 32... h5 $15 33. Rxg6 hxg4) 33. Re7 Rf7 34. Rxf7 Kxf7 35. Bxf4 c2 36. Rd6 Be4 37. Rd7+ Kf8 38. a7 h5 39. Nh6 {White threatens Bd6+ and mate.} Bb2 40. Bd6+ Ke8 41. Re7+ Kf8 42. Rf7+ Ke8 43. Re7+ Kf8 {Precision: White = 49%, Black = 63%.} 1/2-1/2

[Event "Budapest Spring Festival 2018"]
[Site "Budapest"]
[Date "2018.04.25"]
[Round "8"]
[White "Pratyusha, Bodda"]
[Black "Livaic, Leon"]
[Result "0-1"]
[WhiteElo "2177"]
[BlackElo "2468"]
[Annotator "TA"]
[PlyCount "54"]
[EventDate "2018.??.??"]
[EventType "swiss"]
[EventCountry "HUN"]
[SourceTitle "playchess.com"]
[Source "ChessBase"]
[SourceQuality "1"]

{[%evp 17,54,-2,4,-9,-7,-53,-45,-65,-61,-67,-58,-56,-67,-51,-28,-66,-44,-193,-194,-413,-406,-375,-302,-308,-294,-435,-396,-484,-473,-577,-518,-773,-768,-772,-770,-802,-791,-989,-975]} 1. d4 Nf6 2. c4 e6 3. Nc3 Bb4 4. Qc2 d6 5. Nf3 O-O 6. Bd2 b6 {E32: Nimzo-Indian: Classical (4 Qc2): 4...0-0} (6... Nbd7 7. a3 Bxc3 8. Bxc3 Qe7 9. e3 b6 10. Bd3 e5 11. dxe5 dxe5 12. Nd2 Nc5 13. Be2 Bb7 14. O-O Nfe4 15. b4 Nxc3 16. Qxc3 Nd7 {½-½ (55) Lenic,L (2641)-Carlsen,M (2840) chess.com INT 2017}) 7. a3 Bxc3 8. Bxc3 Bb7 9. e3 Ne4 {LiveBook: 3 Games} 10. Bd3 f5 11. O-O Nxc3 12. Qxc3 Bxf3 $1 13. gxf3 Qh4 $1 14. Kh1 Rf6 {[#] ( -> ...Rh6)} 15. Rg1 $1 Qxf2 $40 {[%mdl 128] Black is up to no good.} 16. Raf1 $146 ({Predecessor:} 16. Rg2 Qxe3 17. Re1 Qxf3 {0-1 (35) Hackbarth,W (2044)-Kraenzle,H (2150) Bayern 2005}) 16... Qxe3 {White must now prevent ...Nc6.} 17. c5 (17. f4 $1 $15 Qh3 18. c5 dxc5 19. dxc5) 17... bxc5 $19 (17... dxc5 18. dxc5 Nd7 19. cxb6 $17) 18. Qb3 $2 {[#]} (18. dxc5 {was necessary.} Nd7 19. cxd6 cxd6 20. Qc6) 18... Nd7 19. Qb7 Nb6 ({And not} 19... Qxd3 20. Qxa8+ Nf8 21. Qxa7 $15) 20. dxc5 dxc5 ({Much less strong is} 20... Qxc5 21. Rc1) 21. Bb1 (21. Bb5 $142) 21... Qf4 22. Rd1 Raf8 {Black is clearly winning.} ({Not} 22... Rh6 23. Rg2 $19) 23. Rg3 Rg6 24. Rxg6 hxg6 25. Qc6 Kh7 26. Ba2 c4 27. Rf1 Rd8 {Precision: White = 24%, Black = 98%.} 0-1

[Event "Budapest Spring Festival 2018"]
[Site "Budapest"]
[Date "2018.04.26"]
[Round "9"]
[White "Banusz, Tamas"]
[Black "Tomazini, Zan"]
[Result "1-0"]
[WhiteElo "2617"]
[BlackElo "2424"]
[Annotator "TA"]
[PlyCount "93"]
[EventDate "2018.??.??"]
[EventType "swiss"]
[EventCountry "HUN"]
[SourceTitle "playchess.com"]
[Source "ChessBase"]
[SourceQuality "1"]

{[%evp 20,93,-7,-6,0,0,0,0,0,-25,0,8,27,-31,-36,-33,-38,-40,-41,-41,-37,-41,-29,-20,-18,-36,-22,-54,-35,-95,61,48,89,97,83,83,159,135,150,87,85,84,143,104,118,91,87,87,95,92,92,85,118,108,129,122,171,164,183,182,191,194,265,270,267,264,249,245,269,258,318,315,317,300,802,786]} 1. Nf3 g6 2. g3 Bg7 3. Bg2 e5 4. O-O d5 5. d3 Ne7 6. e4 Nbc6 7. exd5 Nxd5 8. Nc3 {C44: Ponziani Opening and Scotch Gambit} Nxc3 9. bxc3 O-O 10. Rb1 Rb8 11. Re1 {LiveBook: 3 Games} Be6 (11... Bg4 12. h3 Be6 13. a4 b6 14. a5 Qd7 15. axb6 Rxb6 16. Rxb6 cxb6 17. Ng5 Bd5 18. Ne4 f5 19. c4 {½-½ (19) Chatalbashev,B (2571)-Hammer,J (2622) Kragero 2018}) 12. c4 Qd7 $146 ({Predecessor:} 12... Qc8 13. Ng5 Bg4 14. Qd2 h6 15. f3 Bd7 16. Ne4 Re8 17. Bb2 {0-1 (38) Matta,V (2293)-Collins,S (2443) Barcelona 2017}) 13. Bb2 {[%cal Rf3e5]} f6 14. Qe2 Bh3 15. Bxh3 Qxh3 16. c3 (16. d4 $11) 16... Rfe8 $15 17. Qe4 Rbd8 18. Bc1 Qc8 19. c5 Na5 20. Nd2 f5 21. Qa4 b6 22. Nc4 Nxc4 23. dxc4 f4 {Hoping for ...Bf8.} 24. Qc6 ({White should play} 24. cxb6 $1 $15 axb6 25. c5) 24... Qf5 $2 {[#]} (24... Rf8 $17 {White must now prevent ...f3.} 25. cxb6 Qf5 26. bxc7 fxg3) 25. Bxf4 $1 $14 {[%mdl 512]} Rf8 (25... exf4 26. Rxe8+) 26. Be3 Rd3 27. Rf1 ({Of course not} 27. Qxc7 $6 Rxe3 28. fxe3 Qf2+ 29. Kh1 Qf3+ 30. Kg1 Qf2+ 31. Kh1 Qf3+ 32. Kg1 Qf2+ $11) 27... Qf7 (27... Qf3 $142 28. Qxf3 (28. Qxc7 Rxe3 29. fxe3 Qxe3+ 30. Kg2 Qe2+ 31. Kg1 Qe3+ 32. Kg2 Qe2+ 33. Kg1 Qe3+ $11) 28... Rxf3) 28. cxb6 $16 axb6 29. Rbc1 ({White should try} 29. c5) 29... Rd6 30. Qb5 e4 (30... c5 $142) 31. c5 Rd5 32. Qc4 bxc5 33. Qxe4 Re5 34. Qc6 Qxa2 35. c4 Qa8 36. Qxc7 Ref5 37. Rcd1 ({Don't blunder} 37. Bxc5 $2 Rc8 $19) 37... Rc8 38. Qd7 $40 {[%mdl 128] White has strong attack.} Qc6 39. Qxc6 Rxc6 40. Rd7 Rc8 (40... g5 {was worth a try.} 41. Rb1 h6) 41. Rb1 $18 Rf7 42. Rxf7 Kxf7 43. Rb7+ Kg8 44. Kg2 Bf8 45. Kf3 Ra8 {If only Black now had time for ...Ra4....} 46. Ke4 Ra3 $2 {[#]} (46... Rd8 47. h4 Bd6) 47. Rb8 {Precision: White = 76%, Black = 36%.} 1-0

[Event "Budapest Spring Festival 2018"]
[Site "Budapest"]
[Date "2018.04.26"]
[Round "9"]
[White "Papp, Gabor"]
[Black "Kozak, Adam"]
[Result "1/2-1/2"]
[WhiteElo "2614"]
[BlackElo "2440"]
[Annotator "TA"]
[PlyCount "61"]
[EventDate "2018.??.??"]
[EventType "swiss"]
[EventCountry "HUN"]
[SourceTitle "playchess.com"]
[Source "ChessBase"]
[SourceQuality "1"]

{[%evp 9,61,0,2,-22,-18,-20,-11,-46,-30,-66,-64,-65,-76,-77,-42,-89,-58,-52,-41,-46,-44,-126,-122,-170,-175,-197,-43,-25,-14,-39,-49,-15,0,-77,-79,-76,-77,-78,-70,-464,0,0,0,0,0,0,0,0,0,0,0,0,0,0]} 1. Nf3 c5 2. c4 Nc6 3. b3 e5 4. Bb2 d6 5. g3 g6 {LiveBook: 8 Games} 6. h4 $146 {A30: Symmetrical English: Double Fianchetto and Hedgehog} ({Predecessor:} 6. Bg2 Bg7 7. O-O Nge7 8. d3 O-O 9. Nc3 Bf5 10. a3 Qd7 11. Re1 Bh3 {½-½ (48) Andreikin,D (2712)-Grischuk,A (2767) Moscow 2018}) 6... h6 7. Nc3 Bg7 8. Qc2 Nge7 9. e3 O-O 10. h5 g5 11. O-O-O f5 12. Bg2 Be6 13. d3 Rc8 14. Qd2 d5 15. cxd5 (15. Ne1 $15) 15... Nxd5 $17 16. Kb1 Nxc3+ 17. Qxc3 b6 $2 ({Black should play} 17... Rf7 $19 18. Qxc5 Bf8) 18. Nd2 $15 Rf7 19. Nc4 e4 20. Qc1 Bxc4 21. Qxc4 (21. dxc4 $11 Qc7 22. Bxg7 Kxg7 23. Rd2) 21... Bxb2 $17 22. Kxb2 Ne5 23. Qe6 Qe8 ({Don't play} 23... Nxd3+ $6 24. Rxd3 exd3 25. Bd5 $14) 24. Qxh6 $2 {[%mdl 8192] [#]} (24. Qxe8+ $1 $15 Rxe8 25. Kc3) 24... Nxd3+ $2 (24... Qe7 $1 $19 25. dxe4 Rc6 26. Qxc6 Nxc6 27. exf5 Qe5+ 28. Ka3 Nb4 29. Rd8+ Kh7) 25. Rxd3 $11 {The position is equal.} exd3 26. Qxg5+ Kh8 27. Qh6+ Kg8 {Hoping for ...Qe5+.} 28. Qg6+ Kh8 {Threatens to win with ...Qe5+.} 29. Qh6+ Kg8 {aiming for ...Qe5+.} 30. Qg6+ Kh8 {[#] White must now prevent ...Qe5+.} 31. Qh6+ {Precision: White = 33%, Black = 54%.} 1/2-1/2

[Event "Budapest Spring Festival 2018"]
[Site "Budapest"]
[Date "2018.04.26"]
[Round "9"]
[White "Turov, Maxim"]
[Black "Bakalchuk, Johnatan"]
[Result "1-0"]
[WhiteElo "2610"]
[BlackElo "2410"]
[Annotator "TA"]
[PlyCount "109"]
[EventDate "2018.??.??"]
[EventType "swiss"]
[EventCountry "HUN"]
[SourceTitle "playchess.com"]
[Source "ChessBase"]
[SourceQuality "1"]

{[%evp 20,109,7,10,8,-21,0,0,0,0,0,-14,76,57,62,28,106,44,44,44,44,43,50,35,37,30,35,41,100,101,108,108,102,108,102,95,94,72,74,62,69,71,71,70,76,73,71,16,23,0,57,45,72,74,27,26,149,142,211,189,240,93,238,241,350,343,393,387,388,384,369,360,615,619,525,604,576,586,646,609,836,547,522,511,458,435,722,706,661,641,29996,29997]} 1. Nf3 Nf6 2. g3 g6 3. Bg2 Bg7 4. O-O O-O 5. d4 d6 6. b3 e5 7. dxe5 dxe5 8. Ba3 Qxd1 {A49: 1 d4 Nf6 2 Nf3 g6 3 g3: Anti-King's Indian systems} (8... Re8 9. Qxd8 Rxd8 10. Nc3 Nc6 11. Rad1 Bf5 12. Nh4 Bd7 13. e3 a6 14. Nd5 Nxd5 15. Bxd5 Be8 16. Nf3 {½-½ (63) Sargissian,G (2672)-Onischuk,V (2637) Riadh 2017}) 9. Rxd1 Re8 10. c4 e4 11. Nd4 $1 {LiveBook: 7 Games} Ng4 12. e3 $146 ({Predecessor:} 12. h3 Nc6 13. Nb5 Bxa1 14. Nxc7 e3 15. hxg4 exf2+ 16. Kxf2 Bxg4 17. Nxe8 Rxe8 {0-1 (40) Ashiku,F (2394)-Georgiadis,N (2516) Heraklio 2017}) 12... c6 13. Nc3 f5 14. h3 Ne5 15. g4 Nf3+ (15... Na6 $11 {remains equal.}) 16. Bxf3 $16 exf3 17. gxf5 gxf5 (17... Na6 $11) 18. Bd6 (18. Rac1 $16) 18... f4 $1 $14 {[%cal Rf4e3]} 19. Bxf4 Bxh3 20. Rac1 Bg4 21. Kh2 $36 {[%cal Bg1h2,Bh2g3,Bg3g2][%mdl 2080] White is more active.} h5 22. Kg3 Nd7 23. Nxf3 Ne5 (23... Rad8 $14) 24. Bxe5 $16 Rxe5 25. Nxe5 Bxe5+ 26. Kg2 $1 {Strongly threatening f3.} Bxd1 27. Nxd1 {[%mdl 4096] Endgame KRB-KRN} Rd8 28. Nc3 Rd2 29. Ne4 Rxa2 30. Rd1 b6 31. Kh3 Ra3 32. Kh4 Rxb3 33. Kg5 ({Better is} 33. Kxh5 $16 Kf8 34. Kg6) 33... a5 $11 34. Rd7 Rb1 (34... Kf8 $11) 35. f4 Rg1+ 36. Kxh5 Bb2 37. Ra7 Re1 (37... Bc1 $1 $11) 38. Kg6 {[%cal Ra7a8]} Kf8 (38... Rg1+ $16 {is a better defense.} 39. Ng5 Kf8) 39. Nd6 $18 Ba3 (39... Rg1+ $142 40. Kf5 Bc1) 40. Rf7+ Kg8 {[#]} 41. Ne4 $1 {[%cal Re4f6] Intending Nf6+ and mate.} Rg1+ {[#]} (41... Bb2 $142 42. Rb7 Kf8) 42. Ng5 $1 Bc1 43. Ra7 {[%cal Ra7a8]} Kf8 44. Kf6 {[%cal Ra7a8]} Bb2+ 45. Kf5 b5 $2 (45... a4 46. Ne6+ Ke8 47. Rxa4 Rh1) 46. cxb5 cxb5 47. Rxa5 b4 48. Rb5 Bc3 49. Rb7 Rb1 50. Ne6+ Ke8 51. Nc7+ Kd8 {intending ...Kc8.} 52. Nd5 Be1 (52... Ra1 $142 53. Nxb4 Kc8) 53. Ke6 {[%cal Rb7b8]} Kc8 54. Rb5 Bd2 55. Kd6 {Precision: White = 79%, Black = 43%.} 1-0

[Event "Budapest Spring Festival 2018"]
[Site "Budapest"]
[Date "2018.04.26"]
[Round "9"]
[White "Sedlak, Nikola"]
[Black "Jarmula, Lukasz"]
[Result "1-0"]
[WhiteElo "2604"]
[BlackElo "2492"]
[Annotator "TA"]
[PlyCount "111"]
[EventDate "2018.??.??"]
[EventType "swiss"]
[EventCountry "HUN"]
[SourceTitle "playchess.com"]
[Source "ChessBase"]
[SourceQuality "1"]

{[%evp 18,111,35,15,11,6,18,13,9,9,43,33,62,28,37,26,47,31,23,23,20,0,0,-8,-25,-10,-13,-9,-10,-2,40,38,77,50,86,100,87,117,104,108,108,116,110,120,445,47,61,66,54,45,64,58,60,42,42,58,77,85,77,39,47,0,74,72,65,49,133,131,128,102,192,192,192,192,185,131,185,185,394,393,592,585,585,577,577,557,549,541,585,563,510,442,897,854,836,793]} 1. d4 Nf6 2. Nf3 d5 3. Bf4 c5 4. e3 Nc6 5. Nbd2 e6 6. c3 cxd4 7. exd4 {D02: 1 d4 d5 2 Nf3 sidelines, including 2...Nf6 3 g3 and 2...Nf6 3 Bf4} Nh5 {[%cal Bf6h5,Bh5g7,Bg7f5][%mdl 32]} 8. Be3 Bd6 9. Ne5 (9. Bd3 Nf4 10. Bxf4 Bxf4 11. O-O O-O 12. Re1 Bd7 13. Ne5 Nxe5 14. dxe5 g6 {1-0 (104) Vidit,S (2715)-Aronian,L (2805) Riadh 2017}) 9... g6 10. Nd3 {LiveBook: 6 Games} (10. Ndf3 {seems wilder.} O-O 11. Bh6 Re8 12. Bb5 Qb6 13. Qd3) 10... Ng7 11. g3 f6 12. Bg2 Nf5 13. O-O O-O 14. Re1 {[#]} Kh8 $146 ({Predecessor:} 14... Kg7) 15. b4 g5 16. Rc1 Nce7 17. a4 Rb8 18. b5 b6 19. Rc2 a6 20. Qa1 axb5 21. axb5 Bd7 22. Qb2 Be8 23. c4 dxc4 24. Nxc4 Nd5 25. Bd2 Be7 26. Rxe6 Nc7 27. Re4 Nxb5 28. d5 Qxd5 29. Rxe7 Qxd3 30. Be4 Qe2 $2 {[%mdl 8192]} (30... Qd8 $16 {is more resistant.} 31. Rxe8 (31. Bxf5 Qxe7 32. Bb4 Qg7 $14) 31... Rxe8 32. Bxf5 Nd4) 31. Rxe8 $2 ({Not} 31. Bxf5 Qxe7 32. Bb4 Qg7 $14) (31. Ne3 $1 $18 Nxe7 32. Bb4) 31... Qd1+ 32. Kg2 {Qxf6+ would kill now.} Nh4+ $1 33. gxh4 {Threatening mate with Qxf6+.} Qg4+ 34. Kf1 $1 {Intending Qxf6+ and mate.} Rbxe8 35. Ne3 $1 {[%cal Re3g4]} Qxe4 36. Qxb5 Qf3 {aiming for ...Rxe3!} 37. Qd7 {White wants to mate with Rc7.} Ra8 38. Bc3 Rad8 39. Qe6 {Black must now prevent hxg5.} gxh4 (39... g4 $11) 40. Rd2 $40 {[%mdl 128] White attacks with force.} Rde8 41. Qxb6 {And now Rd6 would win.} Rb8 {[#]} ({Better is} 41... Qh3+ $1 $14 42. Ke1 Qxh2) 42. Qd6 $1 h3 43. Bb2 Rbe8 {[#]} (43... Kg7 $16 {keeps fighting.}) 44. Rd5 $1 $18 {[%cal Rd5f5] Hoping for Rf5.} Rd8 45. Qxd8 Rxd8 46. Rxd8+ Kg7 47. Rd6 Qh1+ $2 (47... Kg8) 48. Ke2 Kf7 (48... Qb1 {was necessary.}) 49. Rxf6+ {White is clearly winning.} Ke8 50. Be5 Qb1 {With the idea ...Qb5+.} 51. Rf5 Kd7 52. Kf3 Ke6 53. Kg3 Qe4 54. Kxh3 h5 (54... Kd7 $142 55. Kg3 Kc6) 55. Bg3 Qb1 56. Rxh5 {Precision: White = 59%, Black = 30%.} 1-0